Classifica Scarpa d'Oro 2022 - Statistics

Statistiche generali
  • Questo quiz è stato fatto 47 volte
  • Il punteggio medio è 9 su 10
Statistiche sulle risposte
Gol Coefficiente UEFA Punti Nazione Squadra Calciatore % Corretto
27 x2 54 Italia Lazio Ciro Immobile
100%
24 x2 48 Serbia Fiorentina / Juventus Dušan Vlahović
100%
23 x2 46 Corea del Sud Tottenham Heung-min Son
100%
27 x2 54 Francia Real Madrid Karim Benzema
100%
28 x2 56 Francia Paris Saint-Germain Kylian Mbappé
100%
23 x2 46 Egitto Liverpool Mohamed Salah
100%
35 x2 70 Polonia Bayern Monaco Robert Lewandowski
100%
24 x2 48 Repubblica Ceca Bayer Leverkusen Patrik Schick
84%
25 x2 50 Francia Monaco Wissam Ben Yedder
64%
33 x1,5 49,5 Norvegia Molde / Stella Rossa Belgrado Ohi Omoijuanfo
2%
Nessun quiz corrispondente trovato
Distribuzione punteggi
Percentuale di utenti per punteggio
Percentile per numero di risposta
I tuoi punteggi nel tempo
Non hai fatto questo quiz